| 000 | 00554nam a2200157Ia 4500 | ||
|---|---|---|---|
| 003 | SGT | ||
| 020 | _a9788120334182 | ||
| 082 |
_a670.427 _bGRO |
||
| 100 | _aGroover,Mikell,P | ||
| 245 | _aAutomation production systems and computer-integrated manufacturing | ||
| 260 |
_bPHI Learning Private Limited _aNew Delhi _c2012 |
||
| 300 | _a815p. | ||
| 650 | _aMANUFACTURING | ||
| 653 | _aINTRODUCTION,MANUFACTURING OPERATIONS,INDUSTRIAL CONTROL SYSTEMS,STRONG SYSTEMS,MANUAL ASSEMBLY LINES,AUTOMATED ASSEMBLY SYSTEMS.INSPECTION TECHNOLOGIES | ||
| 942 |
_2ddc _cBK |
||
| 999 |
_c5420 _d5420 |
||